Vainqueurs Grand Prix F1 2022 - Statistiques

Statistiques générales
  • Ce quiz a été pris 36 fois
  • Le résultat moyen est 19 sur 22
Statistiques - réponses
Grand Prix Réponses % Correct
BAHREIN Charles Leclerc
97%
ARABIE SAOUDITE Max Verstappen
94%
AUSTRALIE Charles Leclerc
91%
EMILIE-ROMAGNE Max Verstappen
91%
MIAMI Max Verstappen
91%
ESPAGNE Max Verstappen
91%
PAYS-BAS Max Verstappen
91%
ITALIE Max Verstappen
91%
AUTRICHE Charles Leclerc
88%
AZERBAIDJAN Max Verstappen
88%
CANADA Max Verstappen
88%
FRANCE Max Verstappen
88%
HONGRIE Max Verstappen
88%
BELGIQUE Max Verstappen
88%
JAPON Max Verstappen
84%
ETATS UNIS Max Verstappen
84%
MEXIQUE Max Verstappen
84%
ABOU DABI Max Verstappen
84%
MONACO Sergio Perez
84%
SINGAPOUR Sergio Perez
84%
GRANDE-BRETAGNE Carlos Sainz
81%
BRESIL George Russell
66%
Aucun quiz correspondant
Distribution des résultats
% des personnes avec chaque résultat
Percentile par nombre de réponses
Votre historique - résultats
Vous n’avez pas pris ce quiz